Culture générale #2 : Choix multiple Facile - Statistiques

Statistiques générales
  • Ce quiz a été pris 414 fois
  • Le résultat moyen est 8 sur 10
Statistiques - réponses
Question Réponse % Correct
Quelle est la monnaie utilisée au Japon ? Yen
99%
Quelle est la première lettre de l'alphabet grec ? Alpha
97%
Qui a écrit "Les Misérables" ? Victor Hugo
97%
Quel est le plus haut sommet du monde ? Everest
95%
Quelle est la capitale du Japon ? Tokyo
91%
Quel est le plus grand mammifère terrestre vivant ? Elephant
87%
Quel est le plus grand organe du corps humain ? Peau
73%
Qui a écrit "Hamlet" ? William Shakespeare
67%
Qui a découvert la pénicilline ? Alexandre Flemming
50%
Quelle est la devise de l'Union Européenne ? Unie dans la diversité
41%
Aucun quiz correspondant
Distribution des résultats
% des personnes avec chaque résultat
Percentile par nombre de réponses
Votre historique - résultats
Vous n’avez pas pris ce quiz